000 00573nam a2200205 i 4500
001 C2-0170125
003 PPAK
005 20180729133452.0
008 980804s1992 my a|||| ||||| | eng d
040 _aPPAK
_beng
_cPPAK
_erda
082 0 4 _a387.7405
_2 23
090 0 0 _a387.7405
_bWIN
_dR
245 0 0 _aWings of gold
264 1 _aKuala Lumpur :
_bMalaysia Airlines System ,
_c1992-1994
300 _aVarious pages :
_bcolour illustrations ;
_c29 cm
336 _2rdacontent
_atext
337 _2rdamedia
_aunmediated
338 _2rdacarrier
_avolume
942 _ddc
_cB
999 _c153828
_d153828